| 000 | nam a22 7a 4500 | ||
|---|---|---|---|
| 999 |
_c330725 _d330725 |
||
| 003 | NUST | ||
| 005 | 20180119162328.0 | ||
| 008 | 170802b xxu||||| |||| 00| 0 eng d | ||
| 040 | _cNUST | ||
| 082 | _a374.012095491 GAH | ||
| 100 |
_aUNICEF _93710 |
||
| 245 |
_aThe popular education method _bteacher's manual |
||
| 260 |
_aIslamabad _bUNICEF |
||
| 300 | _a150p | ||
| 942 |
_2ddc _cBK |
||